Регионална библиотека "Любен Каравелов" - Русе

Бялото проклятие (Запис номер 172901)

MARC детайли
000 -Лидер
Контролно поле с фиксирана дължина 01154nam a2200289 c 4500
003 - Код на организацията, давaща контролен номер
Контролно поле BLK
005 - Дата и час на последна редакция
Контролно поле 20180422114548.0
008 - Елементи от данни с фиксирана дължина
fixed length control field 180411b bul|||||r ||||||| ||bul||
010 ## - Наследен системен номер
LC control number KNG00181269000
040 ## - Източник на каталожния запис
Идентификатор на билиотеката - собственик на записа BLK
041 ## - Код за език
Код за езика на текст/звукозапис или на отделно заглавие Български
Код за езика КДБФ Български
080 ## - УДК
Текстов определител УДК Руска литература
УДК код - определител по УДК 821.161.1
УДК определител -32
УДК - код + определител 821.161.1-32
100 1# - Редна дума - Автор
Автор Санин, Владимир Маркович
Авторска отговорност първи автор
R(LIN) 330444
139 ## - Редно поле
Редна дума Санин, Владимир Маркович
Авторски знак Сан - С 18
245 10 - Сведения за заглавието
Заглавие Бялото проклятие
Подзаглавни данни Повест
Редно поле (дума) Владимир Маркович Санин; прев. от рус. Иванка Стоянова Васева.
257 ## - Страна на издаване
Страна на създаване/издаване България
260 ## - Област на издателските данни
-- София
Име на издателя, разпространителя и проч. Отечество
Година на издаване 1989
300 ## - Физическа характеристика
Страници 168 с.
Илюстрации и др. с ил.
Размери/Мащаб 21 см
380 ## - Жанр
Жанр Худож. лит.
500 ## - Общи забележки
Забележка Ориг. загл. Белое проклятие / Владимир Санин. - Без тир.
700 1# - Други автори (авторска отговорност)
Лично име Васева, Иванка Стоянова
Автороска отговорност (Описва отношението между автора и произведението) прев. от рус.
9 (RLIN) 367456
852 ## - Местоположение
Форматна сигнатура Цб 159977
856 4# - Електронен адрес и достъп
Електронен формат pdf - файл
Път до файла /url/
856 4# - Електронен адрес и достъп
Електронен формат pdf - файл
Път до файла /url/
942 ## - АРТИКУЛИ
Вид на библиотечния материал Книги
Скрит в OPAC Не
944 ## - СЪЗДАВАНЕ И РЕДАКЦИЯ на ЗАПИСА
Създаване/Редакция Създаване
Дата на регистрацията/редакция 08.09.2015
Служител, извършил регистрацията/редакцията Правда_Бадева
944 ## - СЪЗДАВАНЕ И РЕДАКЦИЯ на ЗАПИСА
Създаване/Редакция Редакция
Дата на регистрацията/редакция 18.11.2016
Служител, извършил регистрацията/редакцията Кети_Илиева
999 ## - СИСТЕМНИ КОНТРОЛНИ НОМЕРА
Koha biblionumber 172901
Koha biblioitemnumber 172901
Наличности
Код за отписване Код за изгубен артикул Източник на класификационната схема Код за повреда Коз за рестрикции Код за отдаване Артикулен № Име на библиотеката - собственик Име на библиотеката, в която се намира в момента Статус (Текущо местоположение) Дата на вписване в системата Местоположение - отдел Цена в лева Инвентарен номер Систематично азбучна сигнатура Баркод Номер на екземпляра Цена в евро Служебна бележка Служебен тип на артикула Бележка за публиката
  Не е изгубен Universal Decimal Classification Не е повреден без рестрикции ползва се в читалня 294940 Регионална библиотека "Любен Каравелов" Русе Регионална библиотека "Любен Каравелов" Русе Хранилище 1989-01-01 Хранилище 0.75 523632 Цб 159977 120000523632 1 0.38 N: стар фонд Дата: 01.01.1989 Книги  
Изтеглен Не е изгубен   Не е повреден без рестрикции заемане за дома 294941 Регионална библиотека "Любен Каравелов" Русе Регионална библиотека "Любен Каравелов" Русе   1989-01-01 Детски отдел 0.75 526291 Д 820/899/С 18 526291 2 0.38 N: стар фонд Дата: 01.01.1989 Дата инв: 29.09.2015 Бележки инв: Д2015 Книги Отч.N: 46/17 , Дата: 04.10.2017
Изтеглен Не е изгубен Universal Decimal Classification Не е повреден без рестрикции заемане за дома 294942 Регионална библиотека "Любен Каравелов" Русе Регионална библиотека "Любен Каравелов" Русе Детски отдел 1989-01-01 Детски отдел 0.75 526292 Д 820/899/С 18 526292 3 0.38 N: стар фонд Дата: 01.01.1989 Дата инв: 29.09.2015 Бележки инв: Д2015 Книги  
Изтеглен Не е изгубен Universal Decimal Classification Не е повреден без рестрикции заемане за дома 294943 Регионална библиотека "Любен Каравелов" Русе Регионална библиотека "Любен Каравелов" Русе Детски отдел 1989-01-01 Детски отдел 0.75 526294 Д 820/899/С 18 526294 4 0.38 N: стар фонд Дата: 01.01.1989 Дата инв: 29.09.2015 Бележки инв: Д2015 Книги  
Изтеглен Не е изгубен Universal Decimal Classification Не е повреден без рестрикции заемане за дома 294944 Регионална библиотека "Любен Каравелов" Русе Регионална библиотека "Любен Каравелов" Русе Детски отдел 1989-01-01 Детски отдел 0.75 526296 Д 820/899/С 18 526296 5 0.38 N: стар фонд Дата: 01.01.1989 Дата инв: 29.09.2015 Бележки инв: Д2015 Книги  
Vip Innovations Ltd, Rousse, Bulgaria 2025